Africa's freedom
Αποθηκεύτηκε σε:
| Άλλοι συγγραφείς: | |
|---|---|
| Μορφή: | Βιβλίο |
| Γλώσσα: | English |
| Δημοσίευση: |
London : New York :
Allen & Unwin ; Barnes & Noble,
[1964]
|
| Θέματα: | |
| Ετικέτες: |
Προσθήκη ετικέτας
Δεν υπάρχουν, Καταχωρήστε ετικέτα πρώτοι!
|
MARC
| LEADER | 00000cam a2200000 a 4500 | ||
|---|---|---|---|
| 001 | 1/113794 | ||
| 008 | 170505s1964####enk| ||| |||| ||eng|| | ||
| 040 | |a GR-MyUa |b gre |c GR-MyUa |e AACR2 | ||
| 041 | 0 | |a eng | |
| 082 | 7 | |a 320.96 |2 (23) | |
| 245 | 0 | 0 | |a Africa's freedom / |c A.J. Luthuli ... [κ. α.] |
| 260 | |a London : |b Allen & Unwin ; |a New York : |b Barnes & Noble, |c [1964] | ||
| 651 | 0 | |a Africa |x Politics and government |y 1960- | |
| 700 | 1 | |a Luthuli, A. J. |q (Albert John), |d 1898-1967. | |
| 852 | |a INST |b LESVOS |e 20170505 |h 320.96 AFR |p 005100059123 |q 005100059123 |t BK |y 0 | ||
| 970 | |a Τζαφέρη |b Ευαγγελία |z 05-05-2017 | ||